000
00272nam a2200109Ia 4500
008
220204s9999 xx 000 0 und d
082
_a
657.47(035)
_b
WIL
100
_a
Wilson, R M S
245
0
_a
Cost control handbook
260
_a
Great Britain
_b
Grower
_c
1975
942
_c
BK
999
_c
28455
_d
28455